Statistics for Blue Mountain State (BMS) Characters

Click here to take the quiz!

General Stats

  • This quiz has been taken 561 times
  • The average score is 11 of 22

Answer Stats

HintShow NameReal Name% Correct
Linebacker - CaptainKevin "Thad" CastleAlan Ritchson
99%
2nd String QB (S1)Alex MoranDarin Brooks
97%
MascotSammy CacciatoreChrist Romano
87%
Captain's Best Friend -DBLarry SummersOmari Newton
71%
Running Back (S1)Craig ShiloSam Jones III
69%
Starting QB (S2)Radon RandellPage Kennedy
67%
CoachMarty DanielsEd Marinaro
67%
KickerHarmon TedescoJames Cade
56%
Mascot's SisterMary Jo CacciatoreFrankie Shaw
54%
S1 RB GirlfriendDenise RoyGabrielle Dennis
54%
Highly Touted Recruit QBGolden ArmLucas Till
51%
Assistant CoachJon Jon HendrixKwasi Songui
46%
CenterDonnie SchrabRob Ramsay
43%
Coach's Ex WifeDebra SimonDenise Richards
41%
Starting QB (S1)TravisStephen Amell
28%
Assistant Coach (S3)Marcus GildayAnthony Lemke
22%
Lead CheerleaderKateMeghan Heffern
21%
Dean of BMSSimonTed Atherton
19%
Captain's Pocket "Friend"OxanaSee Answer
19%
Cameo that Helps Mascot FightChuck LiddellSee Answer
15%
CougarPaulineChantal Quesnelle
14%
Captain's Half SisterAlmaMarina Eva
12%

Score Distribution

Percentile by Number Answered

Percent of People with Each Score

Your Score History

You have not taken this quiz